Devinez la Capitale Mystère #30 - Statistiques

Statistiques générales
  • Ce quiz a été pris 234 fois
  • Le résultat moyen est 27 sur 36
Statistiques - réponses
Type de Réponse Réponse % Correct
Lettre Trouvée A
99%
Lettre de l'Alphabet O
99%
Lettre Trouvée R
99%
Lettre Trouvée E
98%
Lettre Trouvée I
98%
Lettre de l'Alphabet L
97%
Lettre de l'Alphabet N
97%
Lettre de l'Alphabet S
97%
Lettre de l'Alphabet B
93%
Lettre de l'Alphabet D
91%
Lettre de l'Alphabet M
91%
Lettre de l'Alphabet P
91%
Lettre de l'Alphabet T
91%
Lettre de l'Alphabet U
89%
Lettre de l'Alphabet G
87%
Lettre de l'Alphabet C
83%
Lettre de l'Alphabet H
83%
Lettre Trouvée K
80%
Lettre Bien Placée A
78%
Lettre Bien Placée E
78%
Lettre de l'Alphabet W
78%
Lettre Trouvée V
73%
Lettre Trouvée Y
63%
Lettre Bien Placée I
61%
Lettre de l'Alphabet X
60%
Lettre Bien Placée R
59%
Lettre Trouvée J
57%
Lettre de l'Alphabet F
54%
Lettre de l'Alphabet Z
54%
Lettre de l'Alphabet Q
51%
Lettre Bien Placée V
49%
Lettre Bien Placée J
48%
Lettre Bien Placée Y
48%
Lettre Bien Placée K
46%
Lettre Bien Placée K
46%
Capitale Mystère Reykjavik
46%
Aucun quiz correspondant
Distribution des résultats
% des personnes avec chaque résultat
Percentile par nombre de réponses
Votre historique - résultats
Vous n’avez pas pris ce quiz